[Event "ChBLR2010"]
[Site "Minsk"]
[Date "2010.01.16"]
[Round "5.5"]
[White "Podolchenko, Evgeniy"]
[Black "Zhigalko, Sergei"]
[Result "1-0"]
[WhiteElo "2450"]
[BlackElo "2668"]
[PlyCount "147"]
[EventDate "2010.01.13"]
[SourceDate "2010.01.13"]

1. d4 Nf6 2. c4 e6 3. Nc3 Bb4 4. Qc2 O-O 5. a3 Bxc3+ 6. Qxc3 d6 7. Bg5 Nbd7 8.
e3 b6 9. Nf3 Ba6 10. Nd2 Rc8 11. b4 c5 12. Be2 Bb7 13. f3 Re8 14. Qb2 h6 15.
Bh4 cxd4 16. Qxd4 Qe7 17. Qb2 e5 18. Bf2 Nf8 19. O-O Ng6 20. Nb3 d5 21. Rac1
dxc4 22. Rxc4 Rcd8 23. Rcc1 Nd5 24. Bb5 Rf8 25. Nd2 f5 26. Rfe1 Kh7 27. Bf1 Nf6
28. Nc4 Qe6 29. a4 Bd5 30. b5 Rc8 31. Qb4 Rf7 32. Nb2 Rxc1 33. Rxc1 e4 34. f4
Nxf4 35. exf4 e3 36. Re1 exf2+ 37. Kxf2 Ne4+ 38. Kg1 Rc7 39. Nd3 Rc4 40. Qa3
Qc8 41. Ne5 Rxa4 42. Qc1 Qb7 43. Rd1 Ra2 44. Nc6 Bb3 45. Bc4 Rc2 46. Qb1 Rxc4
47. Qxb3 Rxc6 48. bxc6 Qxc6 49. Qd5 Qc8 50. Qe5 a5 51. h3 a4 52. Kh2 Nf6 53.
Rd6 Qc2 54. Rxb6 a3 55. Rb7 Qe4 56. Qxe4 fxe4 57. Ra7 Nd5 58. g3 h5 59. Rxa3 e3
60. h4 e2 61. Ra1 Nc3 62. Re1 Kg6 63. Kg2 Kf6 64. Kf2 Ne4+ 65. Kf3 Nc3 66. Rg1
Kf5 67. Ke3 Kg4 68. Kf2 g6 69. Ke3 Kh3 70. Kf3 Kh2 71. Re1 Nb5 72. Rxe2+ Kh3
73. Rd2 Nc3 74. Rd6 1-0

[Event "ChBLR2010"]
[Site "Minsk"]
[Date "2010.01.16"]
[Round "5.6"]
[White "Tihonov, Jurij"]
[Black "Teterev, Vitaly"]
[Result "1/2-1/2"]
[WhiteElo "2472"]
[BlackElo "2527"]
[PlyCount "21"]
[EventDate "2010.01.13"]
[SourceDate "2010.01.13"]

1. c4 Nf6 2. d4 e6 3. Nf3 d5 4. Nc3 Be7 5. cxd5 exd5 6. Bg5 c6 7. Qc2 g6 8. e3
Bf5 9. Bd3 Bxd3 10. Qxd3 O-O 11. O-O 1/2-1/2

[Event "ChBLR2010"]
[Site "Minsk"]
[Date "2010.01.17"]
[Round "6.2"]
[White "Zhigalko, Sergei"]
[Black "Tihonov, Jurij"]
[Result "1-0"]
[WhiteElo "2619"]
[BlackElo "2415"]
[PlyCount "77"]
[EventDate "2010.01.13"]
[SourceDate "2010.01.13"]

1. e4 c5 2. Nf3 d6 3. d4 cxd4 4. Qxd4 Nc6 5. Bb5 Qa5+ 6. Nc3 Qxb5 7. Nxb5 Nxd4
8. Nfxd4 Kd8 9. c4 Nf6 10. f3 Bd7 11. Bd2 e5 12. Ne2 Bxb5 13. cxb5 h6 14. O-O-O
Be7 15. Bc3 Kc7 16. Rd3 Kb6 17. a4 a6 18. bxa6 bxa6 19. Bb4 Rhc8+ 20. Nc3 Rc6
21. Rhd1 Kc7 22. Kb1 Rb8 23. Ba3 Bf8 24. a5 Kd7 25. Na2 Ra8 26. Nb4 Rcc8 27.
Nd5 Nxd5 28. Rxd5 Rc6 29. Rxe5 Rac8 30. Red5 Ke6 31. f4 g6 32. g4 Rc4 33. Bxd6
Rxe4 34. Bxf8 Rxf8 35. Rd6+ Ke7 36. f5 Rb8 37. f6+ Ke8 38. Rxa6 Rxg4 39. Rb6
1-0

[Event "ChBLR2010"]
[Site "Minsk"]
[Date "2010.01.17"]
[Round "6.3"]
[White "Stupak, Kirill"]
[Black "Podolchenko, Evgeniy"]
[Result "1/2-1/2"]
[WhiteElo "2459"]
[BlackElo "2450"]
[PlyCount "23"]
[EventDate "2010.01.13"]
[SourceDate "2010.01.13"]

1. d4 Nf6 2. Nf3 d5 3. c4 dxc4 4. g3 c5 5. Qa4+ Nc6 6. dxc5 e6 7. Bg2 Bxc5 8.
O-O Qa5 9. Qxc4 e5 10. Bd2 Qb6 11. b4 Nxb4 12. Nc3 1/2-1/2

[Event "ChBLR2010"]
[Site "Minsk"]
[Date "2010.01.17"]
[Round "6.4"]
[White "Kovalev, Vladislav"]
[Black "Kolesnik, Eduard"]
[Result "1/2-1/2"]
[WhiteElo "2349"]
[BlackElo "2374"]
[PlyCount "88"]
[EventDate "2010.01.13"]
[SourceDate "2010.01.13"]

1. e4 e5 2. Nf3 Nc6 3. Bb5 a6 4. Ba4 Nf6 5. O-O b5 6. Bb3 Bb7 7. Re1 Bc5 8. c3
d6 9. a4 O-O 10. d4 Bb6 11. Bg5 h6 12. axb5 axb5 13. Rxa8 Bxa8 14. Bh4 exd4 15.
cxd4 g5 16. Bg3 Re8 17. Nc3 Na5 18. Bc2 b4 19. Na4 Bxe4 20. Nxb6 cxb6 21. h4 b3
22. Bxb3 Bxf3 23. Rxe8+ Nxe8 24. Qxf3 Nxb3 25. Qxb3 gxh4 26. Bf4 Qf6 27. Be3
Qg6 28. Qxb6 h3 29. Qc6 Nf6 30. Qc8+ Kh7 31. Qxh3 Ng4 32. Bc1 Qc2 33. Qxg4
Qxc1+ 34. Kh2 Qxb2 35. Qf4 Kg7 36. Qxd6 Qxf2 37. Qg3+ Qxg3+ 38. Kxg3 Kf6 39.
Kf4 Ke6 40. Ke4 f5+ 41. Kf4 Kd5 42. Kxf5 Kxd4 43. Kg6 Ke3 44. Kxh6 Kf4 1/2-1/2

[Event "ChBLR2010"]
[Site "Minsk"]
[Date "2010.01.17"]
[Round "6.5"]
[White "Lutsko, Igor"]
[Black "Azarov, Sergei"]
[Result "1/2-1/2"]
[WhiteElo "2415"]
[BlackElo "2622"]
[PlyCount "87"]
[EventDate "2010.01.13"]
[SourceDate "2010.01.13"]

1. d4 Nf6 2. c4 g6 3. Nc3 d5 4. cxd5 Nxd5 5. e4 Nxc3 6. bxc3 Bg7 7. Bc4 c5 8.
Ne2 O-O 9. O-O Nc6 10. Be3 Qc7 11. Qd2 Bd7 12. Rac1 Rad8 13. Bh6 Na5 14. Bd3 e5
15. Kh1 Bc8 16. Bg5 f6 17. Be3 b6 18. f4 Kh8 19. fxe5 fxe5 20. Bg5 Rde8 21. d5
c4 22. Bc2 Nb7 23. Ng1 Nd6 24. Rf3 Bg4 25. Rf2 Rf7 26. Rcf1 Ref8 27. Qe3 Kg8
28. h3 Bc8 29. Nf3 Qd7 30. Kg1 Qe8 31. a4 Qd7 32. a5 b5 33. Bh6 Bxh6 34. Qxh6
Qc7 35. Qg5 Re8 36. h4 Rf4 37. Nxe5 Rxf2 38. Rxf2 Nxe4 39. Bxe4 Qxe5 40. Bxg6
hxg6 41. Qxg6+ Kh8 42. Qh6+ Kg8 43. Qg6+ Kh8 44. Qh6+ 1/2-1/2

[Event "ChBLR2010"]
[Site "Minsk"]
[Date "2010.01.17"]
[Round "6.6"]
[White "Zhigalko, Andrey"]
[Black "Fedorov, Alexei"]
[Result "1/2-1/2"]
[WhiteElo "2600"]
[BlackElo "2619"]
[PlyCount "41"]
[EventDate "2010.01.13"]
[SourceDate "2010.01.13"]

1. e4 c5 2. Nf3 e6 3. c3 Nf6 4. e5 Nd5 5. Bc4 d6 6. d4 cxd4 7. cxd4 Nc6 8. O-O
Be7 9. Qe2 O-O 10. Re1 Qb6 11. Qe4 f5 12. exf6 Bxf6 13. Bxd5 exd5 14. Qxd5+ Kh8
15. Be3 Qxb2 16. Nbd2 Qc2 17. Rac1 Qg6 18. Qxd6 Rd8 19. Qg3 Bf5 20. Qxg6 Bxg6
21. Nb3 1/2-1/2

[Event "ChBLR2010"]
[Site "Minsk"]
[Date "2010.01.18"]
[Round "7.2"]
[White "Azarov, Sergei"]
[Black "Zhigalko, Andrey"]
[Result "1/2-1/2"]
[WhiteElo "2622"]
[BlackElo "2600"]
[PlyCount "34"]
[EventDate "2010.01.13"]
[SourceDate "2010.01.13"]

1. e4 c5 2. Nf3 d6 3. d4 cxd4 4. Nxd4 Nf6 5. Nc3 a6 6. Be2 e5 7. Nb3 Be7 8. O-O
Be6 9. Be3 Nbd7 10. a4 Rc8 11. Qd2 Nb6 12. Rfd1 O-O 13. Bg5 Nbd7 14. a5 h6 15.
Be3 Re8 16. f3 Qc7 17. Bf1 Red8 1/2-1/2

[Event "ChBLR2010"]
[Site "Minsk"]
[Date "2010.01.18"]
[Round "7.3"]
[White "Kolesnik, Eduard"]
[Black "Lutsko, Igor"]
[Result "1-0"]
[WhiteElo "2374"]
[BlackElo "2415"]
[PlyCount "149"]
[EventDate "2010.01.13"]
[SourceDate "2010.01.13"]

1. e4 c5 2. Nf3 e6 3. d4 cxd4 4. Nxd4 Nc6 5. Nc3 a6 6. Be3 Nf6 7. Bd3 Qc7 8.
O-O b5 9. a4 b4 10. Nce2 Nxd4 11. Bxd4 Ng4 12. Ng3 Ne5 13. Be2 Bb7 14. f4 Nc6
15. Be3 Be7 16. Bd3 g6 17. e5 d6 18. exd6 Qxd6 19. Ne4 Qd5 20. Kh1 f5 21. c4
Qa5 22. Nd2 Kf7 23. c5 Bf6 24. Nc4 Qc7 25. Nd6+ Kg7 26. Bc4 Bxb2 27. Ra2 Bf6
28. Re2 Bc8 29. Bg1 Nd8 30. Rfe1 Rf8 31. Bd4 Bd7 32. h3 h5 33. g4 hxg4 34. hxg4
fxg4 35. Rh2 Bc6+ 36. Kg1 Qe7 37. f5 Rh8 38. Qxg4 Rxh2 39. Qxg6+ (39. Kxh2 Bxd4
40. Qxd4+ Qf6 41. Qxf6+ Kxf6 42. fxe6 Ke7 43. a5 Bb5 44. Bd5 Rb8 45. Kg3 Ba4)
39... Kf8 40. Bxf6 Qh7 41. Qxh7 Rxh7 42. fxe6 Rh1+ 43. Kf2 Rxe1 44. Kxe1 Nxe6
45. Bxe6 Bxa4 46. Kd2 Ra7 47. Kd3 Rh7 48. Ke4 Rh1 49. Bd5 Rc1 50. Kd4 b3 51.
Nc4 Bb5 52. Na3 b2 53. Be4 Kf7 54. Bg5 Ke6 55. Bd2 Ra1 56. Nb1 Ra4+ 57. Ke3 Rc4
58. Bc3 Be8 59. Bd4 a5 60. Bd3 Rb4 61. Na3 Kd5 62. Be4+ Ke6 63. Bc3 Rb3 64. Nb1
a4 65. Kd4 Rb8 66. Bd5+ Kd7 67. c6+ Kc7 68. Ba5+ (68. Kc5) 68... Kd6 69. Bd2
Rc8 70. Bb4+ Kc7 71. Kc5 Ra8 72. Na3 Bg6 73. Nb5+ Kc8 74. Ba5 b1=Q 75. Be6+ 1-0

[Event "ChBLR2010"]
[Site "Minsk"]
[Date "2010.01.18"]
[Round "7.4"]
[White "Podolchenko, Evgeniy"]
[Black "Kovalev, Vladislav"]
[Result "1-0"]
[WhiteElo "2450"]
[BlackElo "2349"]
[PlyCount "83"]
[EventDate "2010.01.13"]
[SourceDate "2010.01.13"]

1. d4 Nf6 2. c4 g6 3. Nc3 Bg7 4. e4 d6 5. Nf3 O-O 6. Be2 e5 7. O-O Nc6 8. d5
Ne7 9. Ne1 Nd7 10. Nd3 f5 11. Bd2 Nf6 12. f3 c5 13. g4 h6 14. h4 b6 15. Nf2 Ne8
16. Kg2 f4 17. a3 Bf6 18. Rh1 Ba6 19. Qa4 Nc7 20. b4 Nc8 21. h5 Ne7 22. bxc5
bxc5 23. Nb5 Qd7 24. Qa5 Bxb5 25. cxb5 Rfb8 26. a4 g5 27. Rhb1 Nc8 28. Qc3 Bd8
29. Nd3 a6 30. bxa6 Rxb1 31. Rxb1 Qxa4 32. Nxc5 dxc5 33. Qxe5 Qd4 34. Qxd4 cxd4
35. Ba5 Nd6 36. e5 Nxd5 37. Bxd8 Nf7 38. Bf6 Nc3 39. Rb7 Nxe2 40. a7 Nd8 41.
Bxd8 d3 42. Ba5 1-0

[Event "ChBLR2010"]
[Site "Minsk"]
[Date "2010.01.18"]
[Round "7.5"]
[White "Tihonov, Jurij"]
[Black "Stupak, Kirill"]
[Result "1/2-1/2"]
[WhiteElo "2472"]
[BlackElo "2459"]
[PlyCount "69"]
[EventDate "2010.01.13"]
[SourceDate "2010.01.13"]

1. d4 Nf6 2. c4 g6 3. Nc3 Bg7 4. e4 d6 5. Nf3 O-O 6. Be2 a6 7. Be3 Nbd7 8. h3
c6 9. a4 a5 10. O-O e5 11. d5 c5 12. Ne1 Kh8 13. Nd3 Ng8 14. Qd2 Qe7 15. f4
exf4 16. Bxf4 Ne5 17. Nxe5 Bxe5 18. Bxe5+ Qxe5 19. Qf4 Qxf4 20. Rxf4 Bd7 21.
Raf1 Kg7 22. h4 h5 23. g4 hxg4 24. Bxg4 Bxg4 25. Rxg4 Nf6 26. Rgf4 Nh5 27. R4f3
Rad8 28. Kf2 Nf6 29. Kg3 Nh5+ 30. Kf2 Rd7 31. Ke3 Rh8 32. Kd3 Kg8 33. Rg1 Ng7
34. Rg4 Re7 35. Ne2 1/2-1/2

[Event "ChBLR2010"]
[Site "Minsk"]
[Date "2010.01.18"]
[Round "7.6"]
[White "Teterev, Vitaly"]
[Black "Zhigalko, Sergei"]
[Result "1/2-1/2"]
[WhiteElo "2527"]
[BlackElo "2668"]
[PlyCount "52"]
[EventDate "2010.01.13"]
[SourceDate "2010.01.13"]

1. e4 c5 2. Nf3 Nc6 3. c3 d5 4. exd5 Qxd5 5. d4 Nf6 6. Be3 e6 7. Na3 cxd4 8.
Nb5 Qd8 9. Nbxd4 Nd5 10. Bg5 f6 11. Bd2 Nxd4 12. Nxd4 Bc5 13. Bb5+ Kf7 14. O-O
Bxd4 15. cxd4 Bd7 16. Bc4 Bc6 17. Qh5+ g6 18. Qg4 h5 19. Qe2 Qb6 20. Rfe1 Rae8
21. Qd3 h4 22. h3 Rh5 23. Re2 Rf5 24. Rae1 a6 25. Re4 Rh5 26. b3 Qd8 1/2-1/2

[Event "ChBLR2010"]
[Site "Minsk"]
[Date "2010.01.19"]
[Round "8.1"]
[White "Aleksandrov, Aleksej"]
[Black "Zhigalko, Sergei"]
[Result "1/2-1/2"]
[WhiteElo "2617"]
[BlackElo "2668"]
[PlyCount "108"]
[EventDate "2010.01.13"]
[SourceDate "2010.01.13"]

1. d4 d5 2. c4 e6 3. Nc3 c6 4. e4 dxe4 5. Nxe4 Bb4+ 6. Bd2 Qxd4 7. Bxb4 Qxe4+
8. Ne2 Na6 9. Bf8 Ne7 10. Bxg7 Nb4 11. Qd6 Nd3+ 12. Kd2 Nf5 13. Qxd3 Qxd3+ 14.
Kxd3 Nxg7 15. Kc3 Ke7 16. Re1 Bd7 17. g3 Rad8 18. Bg2 f6 19. f4 h5 20. Nc1 Be8
21. b4 Bg6 22. a4 h4 23. Bf3 Nf5 24. g4 Nd4 25. Bd1 Kf7 26. Re3 Rd7 27. c5 Rhd8
28. Rhe1 Kg7 29. Kb2 Rd5 30. Rc3 e5 31. fxe5 fxe5 32. Rh3 Ne6 33. Bb3 Rd2+ 34.
Ka3 Ng5 35. Rhe3 e4 36. Ne2 Nf3 37. Rh1 R8d3 38. Rxd3 exd3 39. Nf4 Rf2 40. b5
Nd4 41. Nxg6 Kxg6 42. Bd1 h3 43. Kb4 Ne2 44. Kc4 Nf4 45. Kd4 Kg5 46. Ke3 Ra2
47. Rf1 Nd5+ 48. Kxd3 Rxh2 49. Rf7 Rb2 50. Rxb7 h2 51. Rh7 cxb5 52. axb5 Nf6
53. Rh8 Rxb5 54. Rxh2 Rxc5 1/2-1/2

[Event "ChBLR2010"]
[Site "Minsk"]
[Date "2010.01.19"]
[Round "8.3"]
[White "Kovalev, Vladislav"]
[Black "Tihonov, Jurij"]
[Result "0-1"]
[WhiteElo "2348"]
[BlackElo "2472"]
[PlyCount "98"]
[EventDate "2010.01.13"]
[SourceDate "2010.01.13"]

1. e4 c5 2. Nf3 d6 3. d4 cxd4 4. Nxd4 Nf6 5. Nc3 a6 6. Be3 e5 7. Nb3 Be7 8. Qd2
Ng4 9. g3 Nd7 10. O-O-O Ndf6 11. f4 Nxe3 12. Qxe3 Qc7 13. Be2 b5 14. g4 b4 15.
Nd5 Nxd5 16. exd5 exf4 17. Qxf4 O-O 18. Qxb4 Bf6 19. Bd3 a5 20. Qe4 g6 21. Nd4
Rb8 22. Nb5 Qd7 23. a4 Qxg4 24. Qxg4 Bxg4 25. Rde1 Bf3 26. Rhf1 Bh4 27. Rxf3
Bxe1 28. Nxd6 Rfd8 29. Nxf7 Rxd5 30. Bc4 Rh5 31. Rf1 Bb4 32. c3 Bc5 33. Ng5+
Kh8 34. Ne6 Be3+ 35. Kc2 Rxh2+ 36. Kd3 Bh6 37. b3 Rh3+ 38. Ke4 Rxc3 39. Rh1 Bf8
40. Nf4 Rg3 41. Nd5 Re8+ 42. Kd4 Rg4+ 43. Kd3 Bg7 44. Rh3 h5 45. Ne3 Rd4+ 46.
Kc2 Kh7 47. Bd3 Rc8+ 48. Kd2 Bh6 49. Ke2 Re8 0-1

[Event "ChBLR2010"]
[Site "Minsk"]
[Date "2010.01.19"]
[Round "8.4"]
[White "Lutsko, Igor"]
[Black "Podolchenko, Evgeniy"]
[Result "0-1"]
[WhiteElo "2415"]
[BlackElo "2450"]
[PlyCount "66"]
[EventDate "2010.01.13"]
[SourceDate "2010.01.13"]

1. d4 Nf6 2. c4 e6 3. Nc3 Bb4 4. e3 b6 5. Nge2 Bb7 6. a3 Be7 7. f3 d5 8. cxd5
Nxd5 9. e4 Nxc3 10. Nxc3 O-O 11. Be3 Qc8 12. Bc4 Ba6 13. Ba2 Rd8 14. Qc2 Nd7
15. O-O-O c5 16. d5 c4 17. d6 Bf6 18. f4 Bxc3 19. Qxc3 Nc5 20. Bxc5 Qxc5 21. e5
Bb7 22. Rd2 b5 23. b4 Qb6 24. Bb1 a5 25. f5 axb4 26. axb4 exf5 27. Bxf5 h6 28.
Bb1 Bc8 29. Rf1 Be6 30. Qc2 g6 31. Rf6 Qg1+ 32. Kb2 c3+ 33. Qxc3 Rdc8 0-1

[Event "ChBLR2010"]
[Site "Minsk"]
[Date "2010.01.19"]
[Round "8.5"]
[White "Zhigalko, Andrey"]
[Black "Kolesnik, Eduard"]
[Result "1-0"]
[WhiteElo "2600"]
[BlackElo "2374"]
[PlyCount "87"]
[EventDate "2010.01.13"]
[SourceDate "2010.01.13"]

1. e4 e5 2. Nf3 Nc6 3. Bb5 a6 4. Ba4 Nf6 5. O-O b5 6. Bb3 Bb7 7. d3 Be7 8. Nbd2
d6 9. a3 O-O 10. Re1 Qd7 11. c3 Rfe8 12. d4 Bf8 13. h3 g6 14. Bc2 exd4 15. cxd4
Bg7 16. Nf1 Na5 17. Ng3 c5 18. d5 Qc7 19. Rb1 c4 20. Be3 Nd7 21. Bd4 Ne5 22.
Bc3 Nd3 23. Bxg7 Nxe1 24. Bf6 Nxf3+ 25. Qxf3 Re5 26. Qe3 Qb8 27. f4 Re8 28. Kh1
h6 29. Bc3 Qd8 30. Nh5 Kf8 31. Nf6 Re7 32. Qe1 Nb3 33. Qh4 h5 34. Qg5 Rc7 35.
Re1 Rc5 36. f5 Ke7 37. fxg6 fxg6 38. e5 Bxd5 39. Nxd5+ Kd7 40. e6+ Kc6 41. Qxd8
Rxd8 42. e7 Rc8 43. Nf6 Rg5 44. Bxb3 1-0

[Event "ChBLR2010"]
[Site "Minsk"]
[Date "2010.01.20"]
[Round "9.1"]
[White "Azarov, Sergei"]
[Black "Aleksandrov, Aleksej"]
[Result "1/2-1/2"]
[WhiteElo "2622"]
[BlackElo "2617"]
[PlyCount "79"]
[EventDate "2010.01.13"]
[SourceDate "2010.01.13"]

1. e4 e5 2. Nf3 Nc6 3. Bb5 Nf6 4. O-O Nxe4 5. d4 Nd6 6. Bxc6 dxc6 7. dxe5 Nf5
8. Qxd8+ Kxd8 9. Nc3 Bd7 10. h3 h6 11. b3 Kc8 12. Bb2 Ne7 13. Ne2 Ng6 14. Nd2
h5 15. Ne4 h4 16. f4 Rh5 17. Rad1 b6 18. Rd2 Bb4 19. Rd3 a5 20. Rfd1 Nf8 21.
Ng5 Be7 22. Nxf7 a4 23. a3 c5 24. g4 hxg3 25. Nxg3 Rxh3 26. Rxd7 Rxg3+ 27. Kh2
Nxd7 28. Kxg3 g6 29. Kg4 b5 30. Nh6 Nf8 31. f5 gxf5+ 32. Kxf5 axb3 33. Ng8 Bd8
34. cxb3 Ra6 35. Nf6 Ne6 36. a4 bxa4 37. bxa4 Ng7+ 38. Kg6 Ne6 39. Kf5 Ng7+ 40.
Kg6 1/2-1/2

[Event "ChBLR2010"]
[Site "Minsk"]
[Date "2010.01.20"]
[Round "9.2"]
[White "Kolesnik, Eduard"]
[Black "Fedorov, Alexei"]
[Result "0-1"]
[WhiteElo "2374"]
[BlackElo "2619"]
[PlyCount "74"]
[EventDate "2010.01.13"]
[SourceDate "2010.01.13"]

1. e4 c5 2. Nf3 e6 3. d4 cxd4 4. Nxd4 a6 5. Bd3 Bc5 6. Nb3 Be7 7. Qg4 Bf6 8.
Nc3 Nc6 9. f4 d6 10. Be3 Nge7 11. O-O-O Qc7 12. e5 dxe5 13. Ne4 exf4 14. Nxf6+
gxf6 15. Bc5 b6 16. Ba3 f5 17. Qh5 Nd5 18. Bxf5 Qe5 19. Rhe1 Ne3 20. Qf3 Bd7
21. Be4 Rc8 22. Rd2 Qg5 23. h4 Qh6 24. Qe2 Ne5 25. Qxa6 f3 26. Rxd7 Kxd7 27.
Qa4+ Nc6 28. Nd2 f2 29. Bxc6+ Rxc6 30. Qd4+ Nd5 31. Qxf2 Qf4 32. Qxf4 Nxf4 33.
Rf1 e5 34. Ne4 f5 35. Ng5 Kc7 36. Nf7 Re8 37. Nxe5 Ne2+ 0-1

[Event "ChBLR2010"]
[Site "Minsk"]
[Date "2010.01.20"]
[Round "9.3"]
[White "Podolchenko, Evgeniy"]
[Black "Zhigalko, Andrey"]
[Result "1/2-1/2"]
[WhiteElo "2450"]
[BlackElo "2600"]
[PlyCount "44"]
[EventDate "2010.01.13"]
[SourceDate "2010.01.13"]

1. d4 Nf6 2. c4 g6 3. Nc3 d5 4. cxd5 Nxd5 5. e4 Nxc3 6. bxc3 Bg7 7. Nf3 c5 8.
Be3 Qa5 9. Qd2 Nc6 10. Rc1 cxd4 11. cxd4 Qxd2+ 12. Kxd2 O-O 13. d5 Rd8 14. Ke1
Na5 15. Bg5 Bd7 16. Bd3 Rdc8 17. Ke2 e6 18. Rxc8+ Rxc8 19. Rc1 Rxc1 20. Bxc1
exd5 21. exd5 b5 22. Bf4 Nc4 1/2-1/2

[Event "ChBLR2010"]
[Site "Minsk"]
[Date "2010.01.20"]
[Round "9.4"]
[White "Tihonov, Jurij"]
[Black "Lutsko, Igor"]
[Result "0-1"]
[WhiteElo "2472"]
[BlackElo "2415"]
[PlyCount "100"]
[EventDate "2010.01.13"]
[SourceDate "2010.01.13"]

1. d4 Nf6 2. c4 e6 3. Nf3 d5 4. Nc3 dxc4 5. Qa4+ c6 6. Qxc4 b5 7. Qd3 Nbd7 8.
e4 Bb7 9. a3 b4 10. axb4 Bxb4 11. e5 Nd5 12. Be2 a5 13. O-O Ba6 14. Qc2 Bxe2
15. Nxe2 Rc8 16. Qe4 c5 17. Qg4 Kf8 18. Ng3 h6 19. Be3 g6 20. h4 h5 21. Qe4 Kg7
22. Ng5 cxd4 23. Bxd4 Rc4 24. Qd3 N7b6 25. Qf3 Qe7 26. Rad1 Bc5 27. Bxc5 Rxc5
28. N3e4 Rc2 29. b3 Nd7 30. Qg3 Nc5 31. Nxc5 Qxc5 32. Ne4 Qe7 33. Rd3 Rhc8 34.
Nd6 R8c3 35. Rfd1 Kg8 36. Ne4 Rxd3 37. Rxd3 Qb4 38. Qf3 Qb8 39. Nd6 Qa7 40. Ne4
Kg7 41. g3 Qe7 42. Kg2 Ra2 43. g4 Qxh4 44. Nf6 Ra1 45. Rd1 Nf4+ 46. Qxf4 Rxd1
47. Qa4 Qh1+ 48. Kg3 Rd3+ 49. Kf4 Rf3+ 50. Kg5 Qc1+ 0-1

[Event "ChBLR2010"]
[Site "Minsk"]
[Date "2010.01.20"]
[Round "9.5"]
[White "Teterev, Vitaly"]
[Black "Kovalev, Vladislav"]
[Result "1/2-1/2"]
[WhiteElo "2527"]
[BlackElo "2349"]
[PlyCount "42"]
[EventDate "2010.01.13"]
[SourceDate "2010.01.13"]

1. Nf3 Nf6 2. g3 g6 3. Bg2 Bg7 4. c4 d6 5. Nc3 O-O 6. O-O e5 7. d4 Nbd7 8. e3
c6 9. b3 e4 10. Nd2 d5 11. a4 Re8 12. a5 Nf8 13. b4 Ne6 14. b5 a6 15. bxc6 bxc6
16. f4 exf3 17. Nxf3 Ne4 18. Nxe4 dxe4 19. Ne5 Bxe5 20. dxe5 Qxd1 21. Rxd1 Ng5
1/2-1/2

[Event "ChBLR2010"]
[Site "Minsk"]
[Date "2010.01.20"]
[Round "9.6"]
[White "Zhigalko, Sergei"]
[Black "Stupak, Kirill"]
[Result "1/2-1/2"]
[WhiteElo "2668"]
[BlackElo "2459"]
[PlyCount "68"]
[EventDate "2010.01.13"]
[SourceDate "2010.01.13"]

1. e4 e5 2. Nf3 Nf6 3. d4 Nxe4 4. Bd3 d5 5. Nxe5 Nd7 6. Nxd7 Bxd7 7. O-O Bd6 8.
Nc3 Nxc3 9. bxc3 O-O 10. Qh5 f5 11. Re1 c6 12. Bg5 Qc7 13. c4 Be8 14. Qh3 dxc4
15. Bxc4+ Bf7 16. Be6 Bxe6 17. Rxe6 Rae8 18. Rae1 Rxe6 19. Rxe6 Qd7 20. Qb3 Rf7
21. h4 h6 22. Bd2 Bf8 23. c3 Kh7 24. Bf4 Re7 25. Rxe7 Qxe7 26. Be5 g6 27. g3 b5
28. a4 a6 29. axb5 axb5 30. f4 Qd7 31. Qa2 Qd5 32. Qa8 Qf3 33. Qxf8 Qd1+ 34.
Kh2 Qe2+ 1/2-1/2

[Event "ChBLR2010"]
[Site "Minsk"]
[Date "2010.01.21"]
[Round "10.1"]
[White "Aleksandrov, Aleksej"]
[Black "Stupak, Kirill"]
[Result "1-0"]
[WhiteElo "2617"]
[BlackElo "2459"]
[PlyCount "49"]
[EventDate "2010.01.13"]
[SourceDate "2010.01.13"]

1. d4 e6 2. c4 Nf6 3. Nc3 Bb4 4. f3 d5 5. a3 Bxc3+ 6. bxc3 O-O 7. cxd5 exd5 8.
e3 b6 9. Bd3 Ba6 10. Ne2 Bxd3 11. Qxd3 Re8 12. O-O c5 13. Ng3 Nc6 14. Bb2 Qd7
15. e4 dxe4 16. fxe4 Ne5 17. Qe2 Ng6 18. Rxf6 gxf6 19. Nh5 Re6 20. d5 Rd6 21.
c4 Ne5 22. Qf2 Kf8 23. Qg3 Re8 24. Qg7+ Ke7 25. Rf1 1-0

[Event "ChBLR2010"]
[Site "Minsk"]
[Date "2010.01.21"]
[Round "10.3"]
[White "Lutsko, Igor"]
[Black "Teterev, Vitaly"]
[Result "1-0"]
[WhiteElo "2415"]
[BlackElo "2527"]
[PlyCount "103"]
[EventDate "2010.01.13"]
[SourceDate "2010.01.13"]

1. d4 Nf6 2. c4 g6 3. Nc3 Bg7 4. e4 O-O 5. Nf3 d6 6. Be2 e5 7. O-O Na6 8. Re1
c6 9. Bf1 Bg4 10. d5 Nb4 11. Be2 a5 12. a3 Na6 13. Bg5 c5 14. h3 Bd7 15. Qd2
Qb6 16. Nh2 Rae8 17. g4 Kh8 18. Nf1 Ng8 19. Ng3 h6 20. Be3 Qd8 21. Nb5 Qb6 22.
b4 axb4 23. axb4 Ra8 24. Ra5 Rac8 25. Rb1 Bf6 26. Raa1 Ra8 27. Kg2 Kg7 28. Ra5
Bg5 29. Bxg5 hxg5 30. bxc5 dxc5 31. Rba1 f6 32. Nf1 Nh6 33. Ne3 Nf7 34. d6 Bc6
35. Nd5 Bxd5 36. cxd5 Rfc8 37. R1a4 Rab8 38. Qe3 Nb4 39. d7 Rd8 40. Nc3 Rxd7
41. Qxc5 Qxc5 42. Rxc5 Nc2 43. Bb5 Rdd8 44. Rc7 Kf8 45. Bd7 Nd4 46. Be6 Nd6 47.
Bd7 Ra8 48. Be6 Rxa4 49. Nxa4 Re8 50. Nc5 Re7 51. Bd7 Kf7 52. Nxb7 1-0

[Event "ChBLR2010"]
[Site "Minsk"]
[Date "2010.01.21"]
[Round "10.4"]
[White "Zhigalko, Andrey"]
[Black "Tihonov, Jurij"]
[Result "0-1"]
[WhiteElo "2600"]
[BlackElo "2472"]
[PlyCount "124"]
[EventDate "2010.01.13"]
[SourceDate "2010.01.13"]

1. e4 c5 2. Nf3 d6 3. d4 cxd4 4. Nxd4 Nf6 5. Nc3 a6 6. f4 e6 7. Qf3 Qc7 8. g4
Nfd7 9. a4 Nc6 10. Be3 b6 11. g5 Bb7 12. Bg2 Nxd4 13. Bxd4 e5 14. Be3 exf4 15.
Bxf4 Ne5 16. Qg3 Be7 17. O-O O-O 18. Rad1 Rfe8 19. Rf2 Bf8 20. Nd5 Bxd5 21.
Rxd5 g6 22. Bf1 Bg7 23. Qb3 Re6 24. Bh3 Re7 25. Rd1 Rd8 26. Qd5 Qa7 27. Be3 Qc7
28. Rdf1 Rf8 29. Bf4 Rd8 30. Bg3 Qc5 31. Qxc5 dxc5 32. Re1 Nc6 33. c3 Be5 34.
Bh4 c4 35. Bf1 b5 36. Kg2 Na5 37. axb5 axb5 38. Rfe2 Nb3 39. Bf2 Bf4 40. h4 Nc1
41. Rc2 Nd3 42. Ree2 h6 43. gxh6 Bxh6 44. Kf3 Rd6 45. Bd4 b4 46. e5 Rd5 47. Ke4
Rd8 48. Rg2 b3 49. Bxd3 bxc2 50. Bxc2 Bg7 51. Ba4 Kh7 52. Kf4 Rd5 53. Re2 f6
54. e6 f5 55. Bc6 Rd6 56. Bc5 Rexe6 57. Bxd6 Rxe2 58. Ba3 Bh6+ 59. Kf3 Re3+ 60.
Kg2 Re5 61. Bb7 Bc1 62. Ba6 Bxb2 0-1

[Event "ChBLR2010"]
[Site "Minsk"]
[Date "2010.01.21"]
[Round "10.5"]
[White "Fedorov, Alexei"]
[Black "Podolchenko, Evgeniy"]
[Result "1/2-1/2"]
[WhiteElo "2619"]
[BlackElo "2450"]
[PlyCount "87"]
[EventDate "2010.01.13"]
[SourceDate "2010.01.13"]

1. e4 e6 2. d4 d5 3. Nc3 Nf6 4. e5 Nfd7 5. f4 c5 6. Nf3 Nc6 7. Be3 a6 8. Qd2 b5
9. Bd3 Qb6 10. Qf2 cxd4 11. Nxd4 Bc5 12. Nce2 b4 13. O-O a5 14. Rac1 O-O 15. c3
Ba6 16. Bxa6 Rxa6 17. c4 Nxd4 18. Nxd4 Qb7 19. Nb5 Bxe3 20. Qxe3 Rc6 21. Nd6
Qb6 22. Qxb6 Nxb6 23. cxd5 Rxc1 24. Rxc1 Nxd5 25. Rc4 g6 26. Kf2 Rb8 27. g3 a4
28. Kf3 a3 29. bxa3 b3 30. axb3 Rxb3+ 31. Ke4 Rxa3 32. Rc8+ Kg7 33. Ne8+ Kh6
34. Nf6 Nxf6+ 35. exf6 g5 36. Rg8 Ra4+ 37. Kf3 gxf4 38. Rg7 fxg3 39. hxg3 Ra5
40. g4 Rg5 41. Rxf7 Kg6 42. Rf8 h5 43. Rg8+ Kxf6 44. Rxg5 1/2-1/2

[Event "ChBLR2010"]
[Site "Minsk"]
[Date "2010.01.21"]
[Round "10.6"]
[White "Azarov, Sergei"]
[Black "Kolesnik, Eduard"]
[Result "1-0"]
[WhiteElo "2622"]
[BlackElo "2374"]
[PlyCount "69"]
[EventDate "2010.01.13"]
[SourceDate "2010.01.13"]

1. e4 e5 2. Nf3 Nc6 3. Bb5 a6 4. Ba4 Nf6 5. O-O b5 6. Bb3 Bb7 7. Re1 Bc5 8. c3
d6 9. d4 Bb6 10. Be3 O-O 11. Nbd2 h6 12. h3 exd4 13. cxd4 Nb4 14. Qe2 Nxe4 15.
Nxe4 Bxe4 16. Bd2 Bxf3 17. Qxf3 c5 18. Qg3 Qf6 19. dxc5 Bxc5 20. Bc3 Qg5 21.
Qf3 a5 22. a3 Na6 23. Re4 h5 24. Rf4 Ra7 25. Rf5 Qg6 26. h4 Qg4 27. Rg5 Qxf3
28. Rxg7+ Kh8 29. Rxf7+ Qxc3 30. Rxf8+ Kg7 31. Rg8+ Kh7 32. bxc3 a4 33. Bd5 Re7
34. Rg5 Kh6 35. Bf3 1-0